Quizzes
Events
Quiz Creation
Community
Videos
Private Events
Remove Ads
Sign In
Join for FREE
Feedback
Dark Mode
Quiz Categories
Sports
Geography
Music
Movies
Television
Just For Fun
Miscellaneous
History
Literature
Language
Science
Gaming
Entertainment
Religion
Holiday
For Kids
Quiz Lab
Recent
Popular Today
Quiz Kudos Today
Editor Picks
Curator Picks
Quizzes by...
Day
Popularity
Type
Ratings
Length
Year
Community
Subscriptions
Recent Discussions
Orange Saloon
Badges
Playlists
Quests
Create
Leaderboards
Showdown
Live 5
Trivia Bingo
Activity
Puzzle Library
Sporcle Events
Private Events
Virtual Trivia
Globe League
Become a Host
Pub Owners
SporcleCon
Opinionation
Our Games
Videos
Blog
Mobile Apps
Partnerships
Remove Ads and Go Orange
Feedback
Music
Pop Music
The Beatles
Song
Album
Lyrics
Bands
Singers
Artist
Clip
Rock
Rap
Classical
Billboard
Country Music
Kpop
Taylor Swift
Music
Pop Music
The Beatles
Song
Album
Lyrics
Bands
Singers
Artist
Clip
Rock
Rap
Classical
Billboard
Country Music
Kpop
Taylor Swift
Random Quiz
Search Sporcle
×
Quiz Lab
Quiz Lab
Music
Director
Type in answers that appear in a list
Type in answers that appear in a list
Classic
Best Score? Go Orange.
American Orchestra Conductors Stats
Can you name the music directors of these American symphony orchestras?
By
Trazom
8m
17 Questions
123 Plays
123 Plays
123 Plays
Comments
Comments
Give Quiz Kudos
Give Quiz Kudos
-
- Ratings
hide this ad
Replay
Link that replays current quiz
Next Quiz
Link to next quiz in quiz playlist
You Got
0%
They Got
Avg Score
40%
Avg Friend Score
Upgrade to see
Score Distribution
Jump to the score distribution portion of the page
Score
0/17
Timer
08:00
0
Plays Today
Orchestra
Music Director
% Correct
Los Angeles Philharmonic
Gustavo Dudamel
74.8%
San Francisco Symphony
Michael Tilson Thomas
73.2%
New York Philharmonic
Alan Gilbert
68.3%
Baltimore Symphony
Marin Alsop
61.8%
Chicago Symphony
Riccardo Muti
61%
Detroit Symphony
Leonard Slatkin
43.1%
Atlanta Symphony
Robert Spano
42.3%
Cleveland Orchestra
Franz Welser-Möst
36.6%
Philadelphia Orchestra
Yannick Nézet-Séguin
36.6%
Orchestra
Music Director
% Correct
Minnesota Orchestra
Osmo Vänskä
34.1%
St Louis Symphony
David Robertson
33.3%
Dallas Symphony
Jaap van Zweden
30.1%
National Symphony (Washington, D.C.)
Christoph Eschenbach
29.3%
Pittsburgh Symphony
Manfred Honeck
26%
Seattle Symphony
Ludovic Morlot
16.3%
Houston Symphony
Hans Graf
12.2%
Milwaukee Symphony
Edo de Waart
11.4%
Quiz Playlist
Details
Report
Send in Message
Add To Playlist
Classic:
Type in answers that appear in a list
Last Updated: Feb 16, 2017
Quiz Scoreboard
CHALLENGE
Sign Up to Join the Scoreboard
Show All
Scores
Hide
Comments
May contain spoilers
Recently Published
Billboard Blitz: Fleetwood Mac
by CooCooCachoo
Music
15s
Presidents Visiting Landmarks
by Hejman
History
7m
An Introduction to Baseball
by treessimontrees
Sports
5m
More to Explore
Quiz From the Vault
Featured Blog Post
Where Did the Easter Bunny Come From?
hide this ad
You Might Also Like...
Tags
Classical Quiz
Director Quiz
America
conductor
orchestra
Symphony
Today's Top Quizzes in Music
Browse Music
hide this ad
Today's Top Quizzes in Director
Browse Director
Top Contributed Quizzes in Music
1
Taylor Swift All Songs (2024)
2
Guess the Artist- 70s Songs
3
7-to-1: Billboard Hot 100 #1 Hits of 2010s
4
Sorting Albums and Songs
5
Taylor Swift Logic Puzzle
6
KPOP LOGIC QUIZ
7
2010s Album by Cover III
8
One Thing in Common: Music
9
Guess the Taylor Swift song (Mystery Song)
10
Guess The Taylor Swift Lyrics Song #1
Explore More
Trending Topics
Disney
Kpop
NBA
Anime
Crossword
Marvel
Harry Potter
Pokémon
Soccer
NFL
Country
WWE
Song
The Office
Puzzle
hide this ad
More By:
Trazom
Quiz
Plays
Rating
Category
Featured
Created
US Daily Newspapers
25,072
4.57
Miscellaneous
Mar 30, 2012
Clickable Opera Composers
1,485
5.00
Music
Mar 29, 2012
Opera Composers A-Z
1,182
4.80
Music
May 6, 2011
Classical Composer Lifespans (clickable matchup)
877
5.00
Music
Dec 30, 2012
Opera Titles A-Z
700
4.50
Music
Sep 16, 2011
Go to Creator's Profile
Score Distribution
Quiz Creator Spotlight
Trazom
Follow
Send a Message
Quizzes Created
-
Created Quiz Play Count
-
More By This Creator
Popular Quizzes Today
1
Find the US States - No Outlines Minefield
2
Find the Countries of Europe - No Outlines Minefield
3
The Countries of the World
4
Find the US States
5
US States
6
Popular People in 1961
7
Risky Map Clicking: Biggest States A-Z
8
Movies - When Are They Set?
More Music Quizzes
John Williams Movie Scores by 3 Tracks
Curator's Pick
Trending Quizzes
Risky Map Clicking: Least Populous States A-Z
1-10 Letter G Words
1-10 Letter F Words
Risky Map Clicking: Next State Alphabetically
Risky Map Clicking: Biggest States A-Z
Recently Updated
Leaping Animals
pecheneg
Reality TV Shows (A-Z)
bhenderson79
Rickey Henderson's Hall of Fame Teammates
pecheneg
Champions League XIs: Arsenal
pecheneg
Quick Pick: Celebrities in WWE's Hall of Fame
aduchscher
A-Z Keypad Blitz II
pecheneg
Multiple Oscar Actors
pecheneg
Mystery Phrase Blitz: Oscar 'Best Actors'
pecheneg
F. Scott Fitzgerald Novels
LTH
Pick 3 Villains
ddd62291
Trending Topics
NBA
Harry Potter
Marvel
Disney
Crossword
Kpop
Anime
WWE
Pokémon
The Office
Soccer
Puzzle
Song
NFL
Country
Your Account Isn't Verified!
In order to create a playlist on Sporcle, you need to verify the email address you used during registration. Go to your
Sporcle Settings
to finish the process.
Report this User
Report this user for behavior that violates our
Community Guidelines
.
Details:
Send Report
Go to the Sporcle.com Mobile Site →
Comments